000 00708cam a22002657a 4500
001 14129906
003 OSt
005 20250901165817.0
008 051003s2004 ke 000 | swa
010 _a 2005326676
020 _a9966703918
040 _aDLC
_cDLC
042 _alcode
050 0 0 _aPL 8704 .W36 2012
100 1 _aWamitila, K. W.
245 1 0 _aMusaleo! /
_cK. W. Wamitila.
260 _aNairobi, Kenya :
_bVide-Muwa Publishers,
_c2004.
300 _a102 p. ;
_c21 cm.
440 0 _aVito vya fasihi ;
_vS2
520 _aNovel.
546 _aIn Swahili.
906 _a7
_bcbc
_corigode
_d4
_encip
_f20
_gy-gencatlg
942 _2lcc
_cBK
999 _c9527
_d9527